The 20 Greatest Movie Characters of All Time - Statistics

General Stats
  • This quiz has been taken 23 times
  • The average score is 3 of 25
Answer Stats
Hint Answer % Correct
2. Darth Vader
53%
3. Vito Corleone
37%
8. Joker
26%
19. Forrest Gump
21%
4. Indiana Jones
21%
1. James Bond
21%
HM: Woody
21%
5. Rocky Balboa
16%
6. Charles Foster Kane
11%
15. Freddy Krueger
11%
9. Hannibal Lector
11%
HM: Jack Sparrow
11%
12. Dorothy Gale
5%
14. Mary Poppins
5%
HM: Neo
5%
7. Norman Bates
5%
HM: Wolverine
5%
11. Ellen Ripley
0%
16. John McClane
0%
18. Scarlett O’Hara
0%
HM: The Dude
0%
17. The Man With No Name
0%
20. The Terminator
0%
10. The Tramp
0%
13. Travis Bickle
0%
No matching quizzes found
Score Distribution
Percent of People with Each Score
Percentile by Number Answered
Your Score History
You have not taken this quiz